Statistics for Countries by Coin

Click here to take the quiz!

General Stats

  • This quiz has been taken 114 times
  • The average score is 12 of 15

Answer Stats

Answer% Correct
Switzerland
96%
United States
90%
Mexico
88%
United Kingdom
87%
Japan
84%
Russia
83%
Germany
82%
Brazil
79%
Turkey
78%
Canada
76%
China
73%
Indonesia
66%
France
63%
Kenya
55%
India
53%

Score Distribution

Percentile by Number Answered

Percent of People with Each Score

Your Score History

You have not taken this quiz